000 01324nam a2200349Ia 4500
005 20160505150536.0
008 130821s2015 xxuado r 01 espa d
020 _a9781847871763
020 _a9781847871770
020 _a9780857021168 (4a. Ed.)
020 _a9780857021175 (4a. Ed.)
020 _a9781446296578 (5a. Ed.)
020 _a9781446296585 (5a. Ed.)
040 _aCO-BoUCM
_bspa
_cSandra Palacio
_dSandra Palacio
041 0 _aeng
100 1 _aEasterby-Smith, Mark
_977080
245 0 0 _aManagement and business research
_cMark Easterby-Smith, Richard Thorpe y Paul Jackson
246 _aManagement and research
260 _aLos Ángeles (California, Estados Unidos)
_bSAGE
_c2015
300 _axvi, 377 páginas
_bilustraciones, tablas, gráficas, fotografías
504 _aIncluye referencias bibliográficas e índices y glosario
650 7 _aAdministración de empresas
_9435
650 7 _aAdministración
_xInvestigaciones
_940012
650 7 _aComportamiento organizacional
_911292
650 7 _aInvestigación operacional
_918003
690 _aAdministración de empresas
_9435
700 1 _aJackson, Paul
_944117
700 1 _aThorpe, Richard
_944118
780 _aManagement and research
942 _cLIBRO
_a16
_e5
_mE135m
_2DEWEY
_h650.072
999 _c72954
_d72954